Soccer Logos By Letter - I - Statistics

General Stats
  • This quiz has been taken 1,005 times
    895 since last reset
  • The average score is 9 of 12
Answer Stats
Picture Answer % Correct
Italy
99%
Inter Milan
97%
Iran
97%
Inter Miami
92%
Ipswich Town
87%
Ireland
80%
Iceland
70%
İstanbul Başakşehir
57%
Israel
53%
Independiente
47%
Internacional
43%
IFK Göteborg
31%
No matching quizzes found
Score Distribution
Percent of People with Each Score
Percentile by Number Answered
Your Score History
You have not taken this quiz since the last reset